Využitie satelitov pri monitorovaní klimatickej zmeny

Bibliographic Details
Main Author: Lapin, Milan, 1948- (Author)
Format: Article
Language:Slovak
PhysicalDescription:Obr.
ISSN:0044-4863
Subjects:

MARC

LEADER 00000nab a2200000 a 4500
001 vtls010260244
003 SK-MaSNL
005 20260304155854.0
008 25050719c2009 xo o |||||||||||||||slol
015 |a SNBRB2010/06 
035 |a SVKKK000100587 
035 |a urn:nbn:sk:snk-abc712 
035 |a (urnnbn)urn:nbn:sk:snk:ar-006bik 
035 |a (uuid)2c51033c-ef5f-47f5-b93c-aa374c931fb0 
038 |a SVKKK 
040 |a SNKBUCL  |b slo  |c SNKBUCL  |e AACR2 
041 0 |a slo  |b eng 
044 |a xo  |c SK 
080 |a 551.588.7:504.064.3  |x (437.6)  |2 1997 
080 |a 504.064.3  |2 1981 
100 1 |a Lapin, Milan,  |d 1948-  |4 aut  |9 107684 
245 1 0 |a Využitie satelitov pri monitorovaní klimatickej zmeny  |c Milan Lapin 
246 3 1 |a Using by monitoring climate change 
300 |b Obr. 
504 |a Bibliogr. odkazy 
546 |a Res. angl. 
650 0 7 |a monitorovacie satelity  |x klimatické zmeny  |x ciele  |2 snkbucl  |9 1482048 
650 0 7 |a klimatické zmeny  |2 snkbucl  |9 3351 
773 0 |t Životné prostredie  |g Roč. 43, č. 4 (2009), s. 212-215  |x 0044-4863 
850 |a Slovenská národná knižnica 
852 |a Slovenská národná knižnica 
954 |a odborná, vedecká literatúra pôvodná (slovenská)  |2 lita 
958 |a article15 
958 |a NB 
958 |a OND 
958 |a EUIPO 
999 |c 2964530  |d 2966460